Extended irreversible thermodynamics / (Record no. 9619)

MARC details
000 -LEADER
fixed length control field 01074nac a22003251i 4500
003 - CONTROL NUMBER IDENTIFIER
control field EG-ScBUE
005 - DATE AND TIME OF LATEST TRANSACTION
control field 20250622085509.0
008 - FIXED-LENGTH DATA ELEMENTS--GENERAL INFORMATION
fixed length control field 250611t1996 gw a f b 001 0 eng d
020 ## - INTERNATIONAL STANDARD BOOK NUMBER
International Standard Book Number 3540607897
020 ## - INTERNATIONAL STANDARD BOOK NUMBER
International Standard Book Number 9783540607892
040 ## - CATALOGING SOURCE
Original cataloging agency EG-ScBUE
Language of cataloging eng
Description conventions rda
Transcribing agency EG-ScBUE
Modifying agency EG-ScBUE
082 04 - DEWEY DECIMAL CLASSIFICATION NUMBER
Classification number 536.7
Item number JOU
Edition number 22
100 1# - MAIN ENTRY--PERSONAL NAME
Personal name Jou, D.
Fuller form of name (David),
Relator term author.
245 10 - TITLE STATEMENT
Title Extended irreversible thermodynamics /
Statement of responsibility, etc David Jou, J. Casas-Vázquez, G. Lebon.
250 ## - EDITION STATEMENT
Edition statement Second revised and enlarged edition.
264 #1 - PUBLICATION, DISTRIBUTION, ETC. (IMPRINT)
Place of publication, distribution, etc Berlin :
Name of publisher, distributor, etc Springer,
Date of publication, distribution, etc [1996]
264 #4 - PUBLICATION, DISTRIBUTION, ETC. (IMPRINT)
Date of publication, distribution, etc c1996
300 ## - PHYSICAL DESCRIPTION
Extent xiv, 383 pages :
Other physical details illustrations ;
Dimensions 24 cm
336 ## - CONTENT TYPE
Source rdacontent
Content type term text
Content type code txt
337 ## - MEDIA TYPE
Media type term unmediated
Source rdamedia
Media type code n
338 ## - CARRIER TYPE
Carrier type term volume
Carrier type code nc
Source rdacarrier
500 ## - GENERAL NOTE
General note With 27 Figures.
500 ## - GENERAL NOTE
General note Includes Appendices.<br/>
504 ## - BIBLIOGRAPHY, ETC. NOTE
Bibliography, etc Includes bibliographical references and index.
650 #7 - SUBJECT ADDED ENTRY--TOPICAL TERM
Topical term or geographic name as entry element Irreversible processes.
Source of heading or term BUEsh
655 ## - INDEX TERM--GENRE/FORM
Form subdivision Reading book
700 1# - ADDED ENTRY--PERSONAL NAME
Personal name Casas-Vázquez, J.
Fuller form of name (José),
Dates associated with a name 1938-
Relator term author.
700 1# - ADDED ENTRY--PERSONAL NAME
Personal name Lebon, G.
Fuller form of name (Georgy),
Relator term author.
942 ## - ADDED ENTRY ELEMENTS (KOHA)
Koha item type Book - Borrowing
Source of classification or shelving scheme Dewey Decimal Classification
Holdings
Withdrawn status Lost status Source of classification or shelving scheme Damaged status Not for loan Collection code Home library Current library Shelving location Date acquired Source of acquisition Total Checkouts Full call number Barcode Date last seen Price effective from Koha item type
    Dewey Decimal Classification     Alahram Central Library Central Library First floor 25/05/2008 Purchase   536.7 JOU 000011553 15/07/2025 25/05/2008 Book - Borrowing